The pleasure of the Crown : Anthropology, law and first nations

Bewaard in:
Bibliografische gegevens
Hoofdauteur: Culhane, Dara
Formaat: Boek
Taal:Undetermined
Gepubliceerd in: Ontario, Canada TalonBooks 1997
Onderwerpen:
Tags: Voeg label toe
Geen labels, Wees de eerste die dit record labelt!
Thư viện lưu trữ: Trung tâm Học liệu Trường Đại học Cần Thơ
LEADER 00642nam a2200229Ia 4500
001 CTU_41042
008 210402s9999 xx 000 0 und d
082 |a 346.71104 
082 |b C967 
100 |a Culhane, Dara 
245 4 |a The pleasure of the Crown : 
245 0 |b Anthropology, law and first nations 
245 0 |c Dara Culhane 
260 |a Ontario, Canada 
260 |b TalonBooks 
260 |c 1997 
650 |a Land tenure,Law and anthropology 
650 |x Law and legislation 
650 |y British Columbia 
650 |z Cases 
904 |i Minh, Giang sửa 
980 |a Trung tâm Học liệu Trường Đại học Cần Thơ